000 00825nam a2200205 i 4500
001 25525
003 ES-MaACL
005 20230906153303.0
007 t|
008 021227s1976 sp ||||1| spa d
100 1 _aArias Navarro, Carlos.
_922794
245 1 3 _aEl Movimiento y la participación política del pueblo español :
_bdiscurso en el pleno del Consejo Nacional del Movimiento celebrado en Madrid el 19 de enero de 1976 /
_cCarlos Arias Navarro.
260 _a[Madrid] :
_bEdiciones del Movimiento,
_c[1976]
300 _a13 p., [4] h. de lám. ;
_c21 cm.
651 4 _aEspaña-
_xHistoria-
_y1975-1982, Transición.
_9149272
710 2 _aMovimiento Nacional (España).
_bConsejo Nacional.
_95778
710 2 _aEdiciones del Movimiento.
_9171800
852 _aES-MaACL
_j2100-F-11
852 _aES-MaACL
_j2100-F-12
999 _c25525
_d25525